Riconosci il Pokémon - Quiz n°718 - Statistics

Statistiche generali
  • Questo quiz è stato fatto 0 volte
  • Il punteggio medio è 0 su 10
Statistiche sulle risposte
Indizio Riposta % Corretto
Altezza 2,2 m
0%
Peso 310,0 kg
0%
Tasso di cattura 45 (11.9%)
0%
Sesso 87.5% ♂, 12.5% ♀
0%
Abilità Erbaiuto; Guscioscudo
0%
Tipo Erba / Terra
0%
Tasso di allevamento Medio-Lento
0%
Generazione Quarta
0%
Stadio evoluzione Seconda evoluzione
0%
Pokémon Torterra
0%
Nessun quiz corrispondente trovato
Distribuzione punteggi
Percentuale di utenti per punteggio
Percentile per numero di risposta
I tuoi punteggi nel tempo
Non hai fatto questo quiz